000 00658nam a2200229 i 4500
001 C2-0267854
003 PPAK
005 20180727234942.0
008 060808s1967 caua|||| ||||| | eng d
040 _aPPAK
_beng
_cPPAK
_erda
082 0 4 _a658.5
_223
090 0 0 _a658.5
_bHOF
_dG
100 1 _aHoffmann, Thomas R.,
_eauthor
245 1 0 _aProduction :
_bmanagement and manufacturing systems
264 1 _aCalifornia :
_bWadsworth ,
_c1967
300 _axii, 355 pages :
_billustrations ;
_c24 cm
336 _2rdacontent
_atext
337 _2rdamedia
_aunmediated
338 _2rdacarrier
_avolume
650 1 0 _aProduction management
942 _ddc
_cB
999 _c76763
_d76763